000 00446nam a22001697a 4500
005 20180518111918.0
008 160521b xxu||||| |||| 00| 0 eng d
020 _a978-81-8054-528-3
041 _aeng
082 _b3862
_a519.5
100 _aGupta S.C. & Kapoor V.K.
_9979
245 _aFundamentals of Mathematical Statistics
260 _aNew Delhi
_bSultan Chand & Sons,
_c2010
300 _aA-42
650 _aManagement
_9241
942 _cBK
999 _c1332
_d1332